| 000 | 01354nam0a2200385 4500 | ||
|---|---|---|---|
| 001 | RU\NLR\bibl\226476 | ||
| 005 | 20260405063701.0 | ||
| 010 |
_a5-7838-1009-6 _97000 |
||
| 021 |
_aRU _b2001-51398 _92484 |
||
| 035 | _a(NLR Aleph) 000222489 | ||
| 090 |
_a1293453 _c1293453 |
||
| 100 | _a20020129d2001 |||y0rusy50 ca | ||
| 101 | 0 | _arus | |
| 102 | _aRU | ||
| 105 | _aa ||||||||| | ||
| 200 | 1 |
_aЗа кулисами второго фронта _fА. С. Орлов |
|
| 210 |
_aМ. _cВече _d2001 |
||
| 215 |
_a349, [1] с., [8] л. ил. _cил. _d21 |
||
| 225 | 1 | _aВоенные тайны XX века | |
| 320 | _aБиблиогр.: с. 347-348 | ||
| 606 | 0 | _aАнтифашистская коалиция 1941-1945 гг. | |
| 606 | 0 |
_aВторая мировая война _xВторой фронт _z1939 - 1945 _91306825 _3RU\NLR\auth\66224761 |
|
| 675 |
_a355.48(47+57)"1941/1945" _v3 _zrus |
||
| 686 |
_a63.3(2)622 _2rubbk |
||
| 686 | _aЦ35(0)625.12 | ||
| 686 | _aТ3(0)626.3 | ||
| 700 | 1 |
_4070 _8rus _7ca _aОрлов _bА. С. _cисторик _f1924- _gАлександр Семенович _3RU\NLR\auth\7722100 _95160 |
|
| 801 | 0 |
_aRU _bRKP _c20020129 _gPSBO |
|
| 801 | 1 |
_aRU _bRKP _c20020129 |
|
| 801 | 2 |
_aRU _bNLR _c20041206 _grcr |
|
| 942 | _cBOOK | ||
| 980 | _aNB | ||